000 00752nam a2200217Ia 4500
008 160628s9999 xx 000 0 und d
050 _aR 895
050 _b.D666 2016
100 _aDomalaon, Allen Mark D.
245 4 _aThe perception of patients on the attitude and skills of radiologic technologist during x-ray procedure in Las Piñas doctors hospital /
245 _cAllen Mark D. Domalaon, Jinky D. Flores, Angelica Marie A. Heramis, Karmie M. Madarico.
260 _aLas Piñas, Philippines :
260 _bSISC,
260 _c2016.
300 _a54 pages :
300 _billustrations ;
300 _c28 cm.
500 _aIncludes bibliographical references and appendices.
650 _aRadiologic Technologist.
942 _cTH
999 _c296209
_d296209